000
00327nam a2200109Ia 4500
008
171211s9999 xx 000 0 und d
245
_a
Matters of Fact in Jane Austen: History, Location, and Celebrity
245
_c
Janine Barchas
260
_c
2012
650
_x
CULTURE
856
_u
http://down.ebook777.com/063/1421406403.pdf
999
_c
347807
_d
347807